| 000 | 01569cam a2200385 a 4500 | ||
|---|---|---|---|
| 001 | 6771 | ||
| 003 | FISKH | ||
| 005 | 20250829142809.0 | ||
| 008 | 070806s2008 nyua j 000 1 eng | ||
| 010 | _a 2007028602 | ||
| 020 | _a9781416949497 | ||
| 020 | _a1416949496 | ||
| 040 |
_aDLC _cDLC _dDLC _dDLC _beng |
||
| 050 | _aPZ7.F8687 T | ||
| 082 | _a306 | ||
| 100 | 1 | _aFrazer, Rebecca. | |
| 245 | 1 | 0 |
_aThimbletack's mission / _cby Rebecca Frazer ; based on the screenplay by Karey Kirkpatrick and David Berenbaum and John Sayles ; from the books by Tony DiTerlizzi and Holly Black. |
| 260 |
_aNew York : _bSimon Spotlight, _c2008. |
||
| 300 |
_a32 pages : _bcolor illustrations ; _c23 cm |
||
| 490 | 0 |
_aReady-to-read _vLevel 3 |
|
| 505 | _aL | ||
| 520 | _aThimblejack is angry. His quiet home as been turned upside down, Invaded by several noisy, troublesome creatures - a family, in fact, known as the Graces. The one who's causing the most trouble is a boy named Jared. And when Jared takes the book that Thimbletack has spent his whole life guarding, the house brownie decides that it's time to take action! | ||
| 521 | 8 |
_a510
_bLexile estimate |
|
| 521 | 8 |
_aL
_bRaz-Plus |
|
| 650 |
_aFantasy _vSpiderwick Chronicles |
||
| 700 | 1 | _aKirkpatrick, Karey. | |
| 700 | 1 | _aBerenbaum, David. | |
| 700 | 1 |
_aSayles, John, _d1950- |
|
| 700 | 1 | _aDiTerlizzi, Tony. | |
| 700 | 1 | _aBlack, Holly. | |
| 730 | 0 | _aSpiderwick chronicles (Motion picture) | |
| 906 |
_a7 _bcbc _corignew _d1 _eecip _f20 _gy-gencatlg |
||
| 942 |
_2ddc _cBK _n0 |
||
| 999 |
_c6771 _d6771 |
||